Detalles MARC
| 000 -LIDER |
| fixed length control field |
01544nam a2200349 i 4500 |
| 003 - IDENTIFICACDOR DE NÚMERO DE CONTROL |
| control field |
DO-SdBPM |
| 005 - DATE AND TIME OF LATEST TRANSACTION |
| control field |
20250617131312.0 |
| 006 - DATOS DE LONGITUD FIJA / CARACTERÍSTICAS ADICIONALES MATERIAL CHARACTERISTICS |
| fixed length control field |
a||||gr|||| 00| 0 |
| 007 - CAMPOS FIJOS DE DESCRIPCIÓN FÍSICA |
| fixed length control field |
ta |
| 008 - ELEMENTOS DE LONGITUD FIJA |
| fixed length control field |
230511e2022 dr a|||gr|||| 001 edspa d |
| 020 ## - ISBN |
| International Standard Book Number |
9789945494082 |
| 040 ## - FUENTE DE CATALOGACIÓN |
| Agencia que crea de manera original el registro |
DO-SdBPM |
| Idioma de catalogación |
spa |
| Agencia que realiza la transcripción |
BPMSU |
| Convenciones de la despripción |
rda |
| 082 #4 - NÚMERO DE CLASIFICACIÓN DECIMAL DE DEWEY |
| Classification number |
923.27293 |
| Item number |
D812C 2022 |
| Edition number |
22 |
| 100 1# - ASIENTO PRINCIPAL -- NOMBRE PERSONAL |
| Nombre personal |
Cedeño de Fernández, Margarita |
| Fechas asociadas con el nombre |
1965- |
| 245 10 - MENCIÓN DE TITULO |
| Título |
Diálogo con Juan Pablo Duarte. / |
| Mención de responsabilidad |
Margarita Cedeño; prólogo, Juan Daniel Balcácer; ilustración, Cristian Hernández |
| 250 ## - MENCIÓN DE EDICION |
| Mención de edición |
2da. edición |
| 264 3# - PRODUCTION, PUBLICATION, DISTRIBUTION, MANUFACTURE, AND COPYRIGHT NOTICE |
| Place of production, publication, distribution, manufacture |
Santo Domingo : |
| Name of producer, publisher, distributor, manufacturer |
Santuario, |
| Date of production, publication, distribution, manufacture, or copyright notice |
2022 |
| 300 ## - DESCRIPCIÓN FÍSICA |
| Extensión |
79 páginas : |
| Material complementario |
Ilustraciones ; |
| Dimensiones |
21 cm. |
| 336 ## - CONTENT TYPE |
| Source |
rdacontent |
| Content type term |
texto |
| Content type code |
txt |
| 337 ## - MEDIA TYPE |
| Source |
rdamedia |
| Media type term |
sin medición |
| Media type code |
n |
| 338 ## - CARRIER TYPE |
| Source |
rdacarrier |
| Carrier type term |
volumen |
| Carrier type code |
nc |
| 500 ## - NOTA GENERAL |
| Nota general |
Incluye datos biográficos de la autora en las solapas de las cubiertas |
| 504 ## - NOTA DE BIBLIOGRAFÍA, ETC. |
| Bibliography, etc |
Bibliografía: 78-79 |
| 505 0# - NOTA DE CONTENIDO |
| Texto normalizado de contenido |
Presentación -- |
| Información miscelánea |
Prólogo -- |
| Título |
Introducción -- |
| Información miscelánea |
Primera parte. : |
| Título |
Duarte: Arquitecto de la Nación Artífice de Sueños y Esperanza.-- |
| Información miscelánea |
Segunda parte. : |
| Título |
Reflexiones de los Diarios en el Bicentenario de Duarte.-- |
| -- |
Apéndice.-- |
| -- |
Proyecto de Constitución Redactado.-- |
| -- |
Bibliografía. |
| 590 ## - NOTA LOCAL |
| Texto de la nota local |
Inventariado 2025 /VM |
| 600 14 - ENCABEZAMIENTO DE MATERIA--NOMBRE PERSONAL |
| Nombre personal |
Duarte, Juan Pablo |
| Fechas asociadas con el nombre |
1813-1876 |
| Subdivisión de forma |
Biografías |
| 651 #7 - ENCABEZAMIENTO DE MATERIA--NOMBRE GEOGRÁFICO |
| Nombre geográfico |
República Dominicana |
| Subdivisión temática general |
Historia |
| Subdivisión cronológica |
1844-1930 |
| 700 1# - ASIENTO SECUNDARIO -- NOMBRE PERSONAL |
| Nombre personal |
Balcácer, Juan Daniel, |
| Fechas asociadas con el nombre |
1949- |
| Mención de responsabilidad |
prólogo |
| 700 1# - ASIENTO SECUNDARIO -- NOMBRE PERSONAL |
| Nombre personal |
Hernández, Cristian |
| Mención de responsabilidad |
ilustración |
| 910 ## - VALIDACIÓN |
| Validación |
VMateo V. Control de calidad. BPMSU |
| 942 ## - ADDED ENTRY ELEMENTS (KOHA) |
| Source of classification or shelving scheme |
Dewey Decimal Classification |
| Koha item type |
Libros |